000 00601nam a22001937a 4500
005 20180803142006.0
010 _aENG-112747
020 _c295.00
_a9789382711551
035 _aEN-96279
037 _bDBAD/PUB
082 _aN
100 _aYarrow, Joyce
245 _aRivers run back :
_cby Joyce Yarrow [and] Arindam Roy
_ba cross-cultural saga of love, crime and intertwined destinies /
260 _aNew Delhi
_bVitasta Publishing
_c2015
270 _a2/15, Ansari Road, Daryaganj,
_bNew Delhi
_e110002
300 _a365p.
_c21cm(pbk)
700 _aRoy, Arindam
942 _2ddc
_cEN
_mYAR
_hN
999 _c93078
_d93078